Học tiếng Hàn thật là đơn giản: Dành cho người mới bắt đầu = Korean made easy - starter

Cuốn sách bao gồm 1 phần giới thiệu, 10 chương học và 24 thẻ những câu tiếng Hàn hữu ích. Phần giới thiệu gồm giới thiệu chữ tiếng Hàn, đặc điểm của nguyên âm, phụ âm và câu tiếng Hàn; tiếp theo là 10 chương học với các nội dung như...

詳細記述

保存先:
書誌詳細
第一著者: Oh, Seung Eun
フォーマット: 図書
言語:Undetermined
出版事項: Hà Nội Đại học Quốc gia Hà Nội 2016
主題:
タグ: タグ追加
タグなし, このレコードへの初めてのタグを付けませんか!
Thư viện lưu trữ: Trung tâm Học liệu Trường Đại học Cần Thơ
LEADER 01321nam a2200229Ia 4500
001 CTU_220899
008 210402s9999 xx 000 0 und d
020 |c 108000 
082 |a 495.7 
082 |b O.36 
100 |a Oh, Seung Eun 
245 0 |a Học tiếng Hàn thật là đơn giản: Dành cho người mới bắt đầu = 
245 0 |b Korean made easy - starter 
245 0 |c Oh Seung eun ; Nguyễn Linh biên dịch ; hiệu đính: Trang Nhung, Trang Thơm 
260 |a Hà Nội 
260 |b Đại học Quốc gia Hà Nội 
260 |c 2016 
520 |a Cuốn sách bao gồm 1 phần giới thiệu, 10 chương học và 24 thẻ những câu tiếng Hàn hữu ích. Phần giới thiệu gồm giới thiệu chữ tiếng Hàn, đặc điểm của nguyên âm, phụ âm và câu tiếng Hàn; tiếp theo là 10 chương học với các nội dung như: 6 nguyên âm đơn, 3 phụ âm cơ bản, 6 phụ âm cơ bản, phụ âm cuối, 4 phụ âm bật hơi,... 
650 |a Korean language,Tiếng Hàn Quốc 
650 |x Study and teaching,Dạy và học 
904 |i Phan Thanh Thảo, Tuyến 
980 |a Trung tâm Học liệu Trường Đại học Cần Thơ